| 000 | 00836nam a2200253 i 4500 | ||
|---|---|---|---|
| 001 | C2-0330284 | ||
| 003 | PPAK | ||
| 005 | 20180728131101.0 | ||
| 008 | 150414s2013 my a|||| ||||| | may d | ||
| 040 |
_aPPAK _beng _cPPAK _erda |
||
| 082 | 0 | 4 |
_a634.9807209595 _223 |
| 090 | 0 | 0 |
_a634.9807209595 _bMAL _dR |
| 110 | 2 | _aMalaysia. Jabatan Perhutanan | |
| 245 | 0 | 0 |
_aLaporan tahunan 2013 : _bsayangi hutan |
| 264 | 1 |
_aPulau Pinang : _bJabatan Perhutanan Negeri Pulau Pinang , _c2013 |
|
| 300 |
_a67 pages : _bcolour photographs ; _c30 cm |
||
| 336 |
_2rdacontent _atext |
||
| 337 |
_2rdamedia _aunmediated |
||
| 338 |
_2rdacarrier _avolume |
||
| 500 | _aPPAK ada : 2010, 2011, 2013 dan 2014 | ||
| 650 | 1 | 0 | _aForest products - Research - Malaysia - Periodicals. |
| 710 | 2 |
_aMalaysia. Jabatan Perhutanan _eorganizer |
|
| 942 |
_ddc _cB |
||
| 999 |
_c129314 _d129314 |
||